| 000 | 00684nam a2200229Ia 4500 | ||
|---|---|---|---|
| 005 | 20250425162833.0 | ||
| 008 | 250425s9999 xx 000 0 und d | ||
| 020 | _a9788417129 | ||
| 082 |
_a658.45 _pPIN |
||
| 100 | _aPintado Blanco, Teresa | ||
| 245 | 0 |
_aNuevas tendencias en comunicación estratégica _cTeresa Pintado Blanco y Joaquín Sánchez Herrera |
|
| 260 |
_aMadrid _bESIC _c2017 |
||
| 300 |
_a468 páginas _bilustraciones _c24 cm. |
||
| 650 | _aBig Data | ||
| 650 | _aComunicación estratégica | ||
| 650 | _aNeuromarketing | ||
| 650 | _aPublicidad Online | ||
| 700 | _aSánchez Herrera, Joaquín | ||
| 902 |
_aLibro _cImpreso |
||
| 942 | _c01 | ||
| 010 | _a112286 | ||
| 999 |
_c237454 _d237454 |
||